[Event "CZE-chT1W 1213"]
[Site "Czech Republic"]
[Date "2013.02.24"]
[Round "8.7"]
[White "Erban, Tomas"]
[Black "Postupa, Pavel1111"]
[Result "1/2-1/2"]
[WhiteElo "2142"]
[BlackElo "2146"]
[PlyCount "103"]
[EventDate "2012.10.28"]
[EventType "team-tourn"]
[EventRounds "11"]
[EventCountry "CZE"]
[SourceTitle "EXT 2014"]
[Source "ChessBase"]
[SourceDate "2013.11.20"]
[SourceVersion "1"]
[SourceVersionDate "2013.11.20"]
[SourceQuality "1"]
[WhiteTeam "Praha Sokol"]
[BlackTeam "Lysa nad Labem II"]
[WhiteTeamCountry "CZE"]
[BlackTeamCountry "CZE"]

1. d4 Nf6 2. Nf3 g6 3. g3 Bg7 4. Bg2 0-0 5. 0-0 d5 6. Nbd2 c6 7. c4 Bg4 8. Ne5 Be6 9. c5 Nbd7 10. Nd3 Bf5 11. Nf3 Re8 12. Bf4 Nh5 13. Qb3 Bxd3 14. Qxd3 Nxf4 15. gxf4 Qc7 16. e3 f6 17. f5 e5 18. fxe6 Rxe6 19. b4 f5 20. Ng5 Re7 21. f4 a5 22. a3 Nf6 23. Nf3 Ng4 24. Ne5 Bxe5 25. dxe5 Nxe5 26. fxe5 Qxe5 27. Rae1 axb4 28. axb4 Ra4 29. Qb3 b5 30. cxb6 Ra6 31. b5 Rxb6 32. Qc2 Rxb5 33. Qxc6 Ra5 34. Kh1 Kg7 35. Rb1 Qxe3 36. Bxd5 Rc5 37. Qd6 Rc2 38. Rb8 Qe5 39. Qxe5+ Rxe5 40. Bf3 Re7 41. Kg1 Ra7 42. Rb7+ Rxb7 43. Bxb7 Rb2 44. Bc6 Rc2 45. Bf3 Rb2 46. Bg2 Kf6 47. h3 Kg5 48. Rc1 Kh4 49. Rc4+ Kg3 50. Rc3+ Kh4 51. Rc4+ Kg3 52. Rc3+ 1/2-1/2

[Event "CZE-chT1W 1213"]
[Site "Czech Republic"]
[Date "2012.11.25"]
[Round "3.8"]
[White "Kucera, Petr"]
[Black "Erban, Tomas"]
[Result "1-0"]
[WhiteElo "2202"]
[BlackElo "2142"]
[PlyCount "71"]
[EventDate "2012.10.28"]
[EventType "team-tourn"]
[EventRounds "11"]
[EventCountry "CZE"]
[SourceTitle "CBM 151 Extra"]
[Source "ChessBase"]
[SourceDate "2012.12.18"]
[SourceVersion "1"]
[SourceVersionDate "2012.12.18"]
[SourceQuality "1"]
[WhiteTeam "Novoborsky II"]
[BlackTeam "Praha Sokol"]
[WhiteTeamCountry "CZE"]
[BlackTeamCountry "CZE"]

1. d4 Nf6 2. Nf3 e6 3. c4 d5 4. Nc3 Be7 5. cxd5 exd5 6. Bg5 c6 7. Qc2 Be6 8. e3 Nbd7 9. Bd3 h6 10. Bh4 0-0 11. 0-0 Rc8 12. Rab1 Ne8 13. Bg3 Bd6 14. Ne5 Nxe5 15. dxe5 Be7 16. Ne2 c5 17. Rfd1 Qb6 18. b3 g5 19. Nc3 Ng7 20. Nxd5 Bxd5 21. Bh7+ Kh8 22. Rxd5 h5 23. h3 Qe6 24. Rbd1 h4 25. Bh2 b5 26. Be4 g4 27. Rd6 Bxd6 28. Rxd6 c4 29. Rxe6 Nxe6 30. Bf4 Nxf4 31. exf4 g3 32. Qd1 Rfd8 33. Qh5+ Kg7 34. f5 Rh8 35. f6+ Kf8 36. Qxh8# 1-0

[Event "CZE-chT2B 1112"]
[Site "Czech Republic"]
[Date "2012.03.25"]
[Round "10.6"]
[White "Reitinger, Petr"]
[Black "Erban, Tomas"]
[Result "0-1"]
[WhiteElo "2093"]
[BlackElo "2130"]
[PlyCount "50"]
[EventDate "2011.10.09"]
[EventType "team-tourn"]
[EventRounds "11"]
[EventCountry "CZE"]
[SourceTitle "EXT 2013"]
[Source "ChessBase"]
[SourceDate "2012.11.22"]
[SourceVersion "1"]
[SourceVersionDate "2012.11.22"]
[SourceQuality "1"]
[WhiteTeam "Decin"]
[BlackTeam "Vrsovice"]
[WhiteTeamCountry "CZE"]
[BlackTeamCountry "CZE"]

1. e4 c5 2. Nf3 d6 3. d4 cxd4 4. Qxd4 Nc6 5. Bb5 Bd7 6. Bxc6 Bxc6 7. Nc3 e6 8. Bg5 Qc7 9. 0-0-0 b5 10. Qd3 a6 11. Nd4 Rc8 12. Kb1 b4 13. Nce2 Bb7 14. c3 Nf6 15. f3 d5 16. Bxf6 gxf6 17. exd5 Bxd5 18. Qxa6 Be7 19. Qb5+ Kf8 20. Rc1 Bc4 21. Qh5 Qa7 22. b3 Bd3+ 23. Ka1 bxc3 24. Qh6+ Ke8 25. Qe3 Qxa2+ 0-1

[Event "CZE-chT1W 0910"]
[Site "Czech Republic"]
[Date "2010.04.11"]
[Round "11.8"]
[White "Erban, Tomas"]
[Black "Simecek, Alexej"]
[Result "1/2-1/2"]
[WhiteElo "2138"]
[BlackElo "2118"]
[PlyCount "30"]
[EventDate "2009.10.11"]
[EventType "team-tourn"]
[EventRounds "11"]
[EventCountry "CZE"]
[SourceTitle "EXT 2011"]
[Source "ChessBase"]
[SourceDate "2010.11.26"]
[SourceVersion "1"]
[SourceVersionDate "2010.11.26"]
[SourceQuality "1"]
[WhiteTeam "Vrsovice"]
[BlackTeam "Holdia"]
[WhiteTeamCountry "CZE"]
[BlackTeamCountry "CZE"]

1. d4 Nf6 2. c4 e6 3. Nf3 Bb4+ 4. Bd2 Qe7 5. a3 Bxd2+ 6. Nbxd2 d6 7. e4 e5 8. d5 a5 9. b4 axb4 10. axb4 Rxa1 11. Qxa1 0-0 12. Be2 h6 13. 0-0 Nh7 14. Qc3 f5 15. c5 Nf6 1/2-1/2

[Event "CZE-chT1W 0910"]
[Site "Czech Republic"]
[Date "2010.02.21"]
[Round "9.7"]
[White "Netusil, Miloslav"]
[Black "Erban, Tomas"]
[Result "1-0"]
[WhiteElo "2267"]
[BlackElo "2138"]
[PlyCount "63"]
[EventDate "2009.10.11"]
[EventType "team-tourn"]
[EventRounds "11"]
[EventCountry "CZE"]
[SourceTitle "EXT 2011"]
[Source "ChessBase"]
[SourceDate "2010.11.26"]
[SourceVersion "1"]
[SourceVersionDate "2010.11.26"]
[SourceQuality "1"]
[WhiteTeam "Vysehrad"]
[BlackTeam "Vrsovice"]
[WhiteTeamCountry "CZE"]
[BlackTeamCountry "CZE"]

1. d4 Nf6 2. c4 e6 3. Nc3 c5 4. d5 exd5 5. cxd5 d6 6. e4 g6 7. Nf3 Bg7 8. Bg5 0-0 9. Nd2 a6 10. a4 Qc7 11. Be2 Re8 12. 0-0 Nbd7 13. f4 Rb8 14. e5 dxe5 15. Nc4 e4 16. f5 Ra8 17. fxg6 hxg6 18. Qe1 Nh7 19. d6 Bd4+ 20. Kh1 Qc6 21. Be7 Ndf8 22. Qh4 Be6 23. Nxe4 Bd5 24. Na5 Qd7 25. Bc4 Qe6 26. Bxd5 Qxd5 27. Nc3 Qe6 28. Rae1 Qd7 29. Qf4 f5 30. Qf3 b5 31. Nd5 Ra7 32. Nb6 1-0

[Event "CZE-chT1W 0910"]
[Site "Czech Republic"]
[Date "2010.02.07"]
[Round "8.8"]
[White "Kovar, Ladislav"]
[Black "Erban, Tomas"]
[Result "1/2-1/2"]
[WhiteElo "1965"]
[BlackElo "2138"]
[PlyCount "85"]
[EventDate "2009.10.11"]
[EventType "team-tourn"]
[EventRounds "11"]
[EventCountry "CZE"]
[SourceTitle "EXT 2011"]
[Source "ChessBase"]
[SourceDate "2010.11.26"]
[SourceVersion "1"]
[SourceVersionDate "2010.11.26"]
[SourceQuality "1"]
[WhiteTeam "Postovni sporitelna II"]
[BlackTeam "Vrsovice"]
[WhiteTeamCountry "CZE"]
[BlackTeamCountry "CZE"]

1. Nf3 Nf6 2. d4 e6 3. g3 c5 4. Bg2 Be7 5. 0-0 0-0 6. b3 d5 7. Bb2 Nbd7 8. Nbd2 b6 9. e3 Bb7 10. c4 dxc4 11. Nxc4 Rc8 12. dxc5 Nxc5 13. Qxd8 Rfxd8 14. Nfe5 Bxg2 15. Kxg2 Nd3 16. Rfd1 Nxb2 17. Rxd8+ Bxd8 18. Nxb2 Rc2 19. Nbd3 Bc7 20. Nb4 Rc3 21. Rd1 g6 22. Nbc6 Rc2 23. Nb4 Rc3 24. Nbc6 Kg7 25. Rd3 Rc5 26. f4 Rc2+ 27. Kf3 Rxa2 28. h3 a5 29. g4 Rc2 30. g5 Nd5 31. e4 Nxf4 32. Rd7 Rc3+ 33. Kg4 Bxe5 34. Nxe5 Nh5 35. Rxf7+ Kg8 36. Rb7 Rg3+ 37. Kh4 Rxb3 38. Rb8+ Kg7 39. Rb7+ Kf8 40. Rxh7 Ng7 41. Rh8+ Ke7 42. Rh7 Kf8 43. Rh8+ 1/2-1/2

[Event "CZE-chT2A 0809"]
[Site "Czech Republic"]
[Date "2009.03.22"]
[Round "10.5"]
[White "Stluka, Petr"]
[Black "Erban, Tomas"]
[Result "1-0"]
[WhiteElo "2170"]
[BlackElo "2144"]
[PlyCount "57"]
[EventDate "2008.10.12"]
[EventType "team-tourn"]
[EventRounds "11"]
[EventCountry "CZE"]
[SourceTitle "EXT 2010"]
[Source "ChessBase"]
[SourceDate "2010.11.25"]
[SourceVersion "1"]
[SourceVersionDate "2010.11.25"]
[SourceQuality "1"]
[WhiteTeam "Pribram Pyrit"]
[BlackTeam "Pisek Platan"]
[WhiteTeamCountry "CZE"]
[BlackTeamCountry "CZE"]

1. Nf3 d5 2. g3 Nf6 3. Bg2 g6 4. 0-0 Bg7 5. d4 0-0 6. c4 c6 7. cxd5 cxd5 8. Nc3 Nc6 9. Ne5 e6 10. Nxc6 bxc6 11. Bf4 Qe7 12. Rc1 Nh5 13. Be3 e5 14. dxe5 Qxe5 15. Bc5 Rd8 16. e3 Bd7 17. Bd4 Qg5 18. Na4 Nf6 19. Nc5 Be8 20. Qc2 Nd7 21. Bxg7 Kxg7 22. Nb7 Rdc8 23. Nd6 Rc7 24. Qc3+ Kg8 25. Qa5 Nb6 26. e4 Qe5 27. Nxe8 Rxe8 28. exd5 cxd5 29. Rce1 1-0

[Event "CZE-chT1W 0809"]
[Site "Czech Republic"]
[Date "2009.02.15"]
[Round "8.8"]
[White "Turner, Radek"]
[Black "Erban, Tomas"]
[Result "0-1"]
[WhiteElo "2083"]
[BlackElo "2142"]
[PlyCount "106"]
[EventDate "2008.10.19"]
[EventType "team-tourn"]
[EventRounds "11"]
[EventCountry "CZE"]
[SourceTitle "EXT 2010"]
[Source "ChessBase"]
[SourceDate "2010.11.25"]
[SourceVersion "1"]
[SourceVersionDate "2010.11.25"]
[SourceQuality "1"]
[WhiteTeam "Plzen"]
[BlackTeam "Vrsovice"]
[WhiteTeamCountry "CZE"]
[BlackTeamCountry "CZE"]

1. c4 e5 2. g3 Nf6 3. Bg2 Nc6 4. Nc3 g6 5. e4 Bg7 6. Nge2 0-0 7. 0-0 d6 8. d3 h6 9. Nd5 Nxd5 10. cxd5 Ne7 11. Be3 c6 12. dxc6 Nxc6 13. Qd2 Kh7 14. d4 a5 15. d5 Nb4 16. a3 Na6 17. b4 axb4 18. axb4 Bd7 19. Rfb1 Rc8 20. b5 Nc5 21. b6 f5 22. f3 fxe4 23. fxe4 Bg4 24. Rb4 Qd7 25. Rc1 Bh3 26. Bxc5 Rxc5 27. Bxh3 Qxh3 28. Rbb1 Qg4 29. Rxc5 dxc5 30. Nc3 Qf3 31. Re1 h5 32. Qe3 Qg4 33. Rf1 Bh6 34. Qxc5 Rxf1+ 35. Kxf1 Qf3+ 36. Ke1 Be3 37. Qc7+ Kh6 38. Nd1 Bd4 39. Qc1+ g5 40. Qc8 Qxe4+ 41. Kd2 Qxd5 42. Qh8+ Kg6 43. Qe8+ Qf7 44. Qb5 g4 45. Qd3+ Qf5 46. Qb5 Qe6 47. Qd3+ Kg7 48. Ne3 Qh6 49. Ke2 Qxe3+ 50. Qxe3 Bxe3 51. Kxe3 Kf6 52. Kd3 Ke6 53. Ke4 Kd6 0-1

[Event "CZE-chT1W 0809"]
[Site "Czech Republic"]
[Date "2009.02.01"]
[Round "7.8"]
[White "Erban, Tomas"]
[Black "Zimak, Karel"]
[Result "1-0"]
[WhiteElo "2142"]
[BlackElo "2081"]
[PlyCount "105"]
[EventDate "2008.10.19"]
[EventType "team-tourn"]
[EventRounds "11"]
[EventCountry "CZE"]
[SourceTitle "EXT 2010"]
[Source "ChessBase"]
[SourceDate "2010.11.25"]
[SourceVersion "1"]
[SourceVersionDate "2010.11.25"]
[SourceQuality "1"]
[WhiteTeam "Vrsovice"]
[BlackTeam "Praha Holdia"]
[WhiteTeamCountry "CZE"]
[BlackTeamCountry "CZE"]

1. d4 e6 2. c4 d5 3. Nf3 Nf6 4. g3 Be7 5. Bg2 0-0 6. 0-0 c6 7. Nc3 Nbd7 8. b3 Ne4 9. Nxe4 dxe4 10. Ne1 f5 11. Rb1 Nf6 12. Nc2 Bd7 13. b4 a6 14. Ne3 Be8 15. c5 Kh8 16. Nc4 Nd5 17. Qb3 Bh5 18. Re1 Bf6 19. Bb2 g5 20. f3 Bg6 21. fxe4 fxe4 22. Rbd1 Qe7 23. Nd6 e5 24. Bxe4 exd4 25. Bxd5 cxd5 26. Qxd5 Qe3+ 27. Kh1 Rae8 28. Bxd4 Bxd4 29. Qxd4+ Qxd4 30. Rxd4 Re7 31. Kg2 Bh5 32. g4 Bg6 33. h3 Bc2 34. e3 Ba4 35. Nf5 Rc7 36. Re2 h5 37. Red2 Bc6+ 38. Kg3 Rcf7 39. Rd6 h4+ 40. Kf2 Rxf5+ 41. gxf5 Rxf5+ 42. Kg1 Rf3 43. Rg2 Rxe3 44. Rxg5 Kh7 45. Rh5+ Kg7 46. Rxh4 Re2 47. Rg4+ Kh7 48. Rf4 Rxa2 49. Rf7+ Kg8 50. Rc7 Rg2+ 51. Kf1 Rg7 52. Rxg7+ Kxg7 53. Kf2 1-0

[Event "CZE-chT2a 0607"]
[Site "Czech Republic"]
[Date "2006.12.17"]
[Round "5.5"]
[White "Rosenzweig, Vladimir L"]
[Black "Erban, Tomas"]
[Result "1-0"]
[WhiteElo "2100"]
[BlackElo "2194"]
[PlyCount "45"]
[EventDate "2006.10.15"]
[EventType "team"]
[EventRounds "11"]
[EventCountry "CZE"]
[SourceTitle "EXT 2009"]
[Source "ChessBase"]
[SourceDate "2008.11.26"]
[SourceVersion "1"]
[SourceVersionDate "2008.11.26"]
[SourceQuality "1"]
[WhiteTeam "Tabor II"]
[BlackTeam "Vrsovice II"]
[WhiteTeamCountry "CZE"]
[BlackTeamCountry "CZE"]

1. e4 c5 2. Nf3 d6 3. d4 cxd4 4. Qxd4 Nc6 5. Bb5 Bd7 6. Bxc6 Bxc6 7. Nc3 Nf6 8. Bg5 h6 9. Bxf6 gxf6 10. 0-0-0 Qa5 11. Qd2 h5 12. Kb1 Bh6 13. Qe2 Bf4 14. Nd5 Be5 15. Nxe5 fxe5 16. f4 exf4 17. Rhf1 e6 18. Rxf4 Bxd5 19. exd5 e5 20. Rf6 Qc7 21. Rdf1 Rh7 22. Qf3 0-0-0 23. Qf5+ 1-0

[Event "CZE-chT2a 0607"]
[Site "Czech Republic"]
[Date "2006.11.05"]
[Round "2.5"]
[White "Erban, Tomas"]
[Black "Vaindl, Jaroslav"]
[Result "1-0"]
[WhiteElo "2194"]
[BlackElo "2172"]
[PlyCount "38"]
[EventDate "2006.10.15"]
[EventType "team"]
[EventRounds "11"]
[EventCountry "CZE"]
[SourceTitle "EXT 2009"]
[Source "ChessBase"]
[SourceDate "2008.11.26"]
[SourceVersion "1"]
[SourceVersionDate "2008.11.26"]
[SourceQuality "1"]
[WhiteTeam "Vrsovice II"]
[BlackTeam "Plzen IC"]
[WhiteTeamCountry "CZE"]
[BlackTeamCountry "CZE"]

1. d4 d5 2. Nf3 c6 3. Bf4 e6 4. e3 Nd7 5. Bd3 Ngf6 6. Nbd2 Be7 7. c3 Nh5 8. Ne5 Nxf4 9. exf4 g6 10. Qe2 Nxe5 11. fxe5 Bd7 12. 0-0 0-0 13. Rae1 a5 14. f4 c5 15. dxc5 Bxc5+ 16. Kh1 f5 17. exf6 Rxf6 18. Qe5 Qf8 19. Qg5 Bd6 1-0

[Event "CZE-chT2a 0405"]
[Site "Czech Republic"]
[Date "2005.02.20"]
[Round "8.8"]
[White "Pravdik, Kamil"]
[Black "Erban, Tomas"]
[Result "0-1"]
[WhiteElo "1989"]
[BlackElo "2152"]
[PlyCount "74"]
[EventDate "2004.10.17"]
[EventType "team"]
[EventRounds "11"]
[EventCountry "CZE"]
[SourceTitle "EXT 2007"]
[Source "ChessBase"]
[SourceDate "2006.11.23"]
[SourceVersion "1"]
[SourceVersionDate "2006.11.23"]
[SourceQuality "1"]
[WhiteTeam "Tabor II"]
[BlackTeam "Pisek"]
[WhiteTeamCountry "CZE"]
[BlackTeamCountry "CZE"]

1. e4 c5 2. Nf3 d6 3. d4 cxd4 4. Nxd4 Nf6 5. Nc3 e6 6. Be3 Be7 7. Be2 Nc6 8. 0-0 0-0 9. Kh1 Bd7 10. f4 Nxd4 11. Bxd4 Bc6 12. Bd3 Qa5 13. e5 Nd7 14. exd6 Bf6 15. Be4 Qb4 16. Bxc6 bxc6 17. Bxf6 Nxf6 18. Rb1 Rfd8 19. a3 Qc5 20. Qf3 Rxd6 21. Rfd1 Rxd1+ 22. Rxd1 Nd5 23. Rd3 Rb8 24. Nxd5 exd5 25. Rb3 Re8 26. h3 h6 27. Qd3 Qf2 28. Qf5 h5 29. Rf3 Re1+ 30. Kh2 Qg1+ 31. Kg3 Re6 32. Kh4 Qxg2 33. Rb3 Qf2+ 34. Kg5 Rg6+ 35. Kxh5 Rh6+ 36. Kg4 Rh4+ 37. Kg5 f6+ 0-1

[Event "CZE-chT2a 0405"]
[Site "Czech Republic"]
[Date "2005.02.06"]
[Round "7.8"]
[White "Erban, Tomas"]
[Black "Kazimour, Frantisek"]
[Result "1/2-1/2"]
[WhiteElo "2152"]
[BlackElo "2011"]
[PlyCount "133"]
[EventDate "2004.10.17"]
[EventType "team"]
[EventRounds "11"]
[EventCountry "CZE"]
[SourceTitle "EXT 2007"]
[Source "ChessBase"]
[SourceDate "2006.11.23"]
[SourceVersion "1"]
[SourceVersionDate "2006.11.23"]
[SourceQuality "1"]
[WhiteTeam "Pisek"]
[BlackTeam "Kladno"]
[WhiteTeamCountry "CZE"]
[BlackTeamCountry "CZE"]

1. Nf3 Nf6 2. d4 e6 3. g3 b6 4. Bg2 Bb7 5. 0-0 Be7 6. c4 0-0 7. Nc3 Ne4 8. Qd3 Nxc3 9. Qxc3 Bf6 10. Qd3 g6 11. e4 d6 12. Bh6 Bg7 13. Qe3 Nd7 14. e5 a5 15. Bg5 Qb8 16. Bf4 dxe5 17. dxe5 Nc5 18. Rad1 Bc6 19. Nd4 Bxg2 20. Kxg2 Qb7+ 21. Kh3 Rae8 22. b3 f6 23. exf6 Bxf6 24. Bh6 Rf7 25. a3 e5 26. Nb5 Qc8+ 27. Kg2 Rd8 28. b4 axb4 29. axb4 Ne6 30. Qe4 Nd4 31. Nc3 c6 32. c5 bxc5 33. bxc5 Rfd7 34. Na4 Ra7 35. Nb6 Qf5 36. Qxf5 gxf5 37. Ra1 Rxa1 38. Rxa1 Kf7 39. Ra7+ Kg6 40. Be3 Ne6 41. Kf3 h5 42. Rb7 f4 43. gxf4 exf4 44. Bc1 Rd3+ 45. Kg2 f3+ 46. Kh3 Nxc5 47. Rc7 Ne4 48. Be3 c5 49. Rc6 Kf5 50. Nc4 Bd4 51. Nd6+ Nxd6 52. Rxd6 Ke5 53. Rd8 c4 54. Re8+ Kd5 55. Kg3 Be5+ 56. Kxf3 Bxh2 57. Rd8+ Ke6 58. Rc8 c3 59. Ke4 Rd7 60. f4 h4 61. Rxc3 Bg3 62. Bd4 Kf7 63. Rc6 h3 64. Rh6 h2 65. Kf3 h1Q+ 66. Rxh1 Bxf4 67. Kxf4 1/2-1/2

[Event "CZE-chT2a 0405"]
[Site "Czech Republic"]
[Date "2004.12.19"]
[Round "5.7"]
[White "Erban, Tomas"]
[Black "Hroch, Jiri"]
[Result "1-0"]
[WhiteElo "2152"]
[BlackElo "2078"]
[PlyCount "65"]
[EventDate "2004.10.17"]
[EventType "team"]
[EventRounds "11"]
[EventCountry "CZE"]
[SourceTitle "EXT 2007"]
[Source "ChessBase"]
[SourceDate "2006.11.23"]
[SourceVersion "1"]
[SourceVersionDate "2006.11.23"]
[SourceQuality "1"]
[WhiteTeam "Pisek"]
[BlackTeam "Plzen Letna"]
[WhiteTeamCountry "CZE"]
[BlackTeamCountry "CZE"]

1. d4 d5 2. Nf3 Nf6 3. g3 e6 4. Bg2 Be7 5. 0-0 Nbd7 6. a4 0-0 7. Bf4 c5 8. c3 Ne4 9. Na3 a6 10. Nd2 Nxd2 11. Qxd2 Nf6 12. Rfd1 Bd7 13. Nc2 c4 14. a5 b6 15. axb6 Qxb6 16. f3 Nh5 17. Be3 f5 18. Rab1 Ba4 19. Rdc1 Bd6 20. Bf2 Nf6 21. Ra1 Bc6 22. Ra2 a5 23. Be3 Qc7 24. Bg5 h6 25. Bf4 Rfb8 26. Qe3 Kf7 27. Be5 Bxe5 28. dxe5 Nd7 29. f4 Qb6 30. Nd4 Nc5 31. Kf2 Nb3 32. Rd1 Ra7 33. Nxc6 1-0

[Event "CZE-chT2a 0405"]
[Site "Czech Republic"]
[Date "2004.10.17"]
[Round "1.7"]
[White "Erban, Tomas"]
[Black "Turner, Radek"]
[Result "1-0"]
[WhiteElo "2152"]
[BlackElo "2099"]
[PlyCount "77"]
[EventDate "2004.10.17"]
[EventType "team"]
[EventRounds "11"]
[EventCountry "CZE"]
[SourceTitle "EXT 2007"]
[Source "ChessBase"]
[SourceDate "2006.11.23"]
[SourceVersion "1"]
[SourceVersionDate "2006.11.23"]
[SourceQuality "1"]
[WhiteTeam "Pisek"]
[BlackTeam "Domazlice"]
[WhiteTeamCountry "CZE"]
[BlackTeamCountry "CZE"]

1. d4 Nf6 2. Nf3 g6 3. c4 c5 4. d5 Bg7 5. Nc3 0-0 6. g3 a6 7. a4 e6 8. Bg2 exd5 9. cxd5 d6 10. 0-0 Re8 11. Nd2 Nbd7 12. Nc4 Nb6 13. Ne3 Rb8 14. a5 Na8 15. Nc4 b5 16. axb6 Nxb6 17. Na5 Qc7 18. Nc6 Ra8 19. Bf4 Bf5 20. Rc1 Nh5 21. Bg5 h6 22. Bd2 Nf6 23. b4 cxb4 24. Nxb4 Qd7 25. Be3 Nc4 26. Bd4 Ne5 27. Ra1 Bh3 28. Nxa6 Bxg2 29. Kxg2 Qb7 30. Qb1 Qc8 31. Qb6 Nfd7 32. Qb5 Nc4 33. Bxg7 Kxg7 34. Rfc1 Nce5 35. Ne4 Qd8 36. Nxd6 Rf8 37. Ne4 f5 38. Nec5 Nxc5 39. Nxc5 1-0

[Event "CZE-chT2J 0203"]
[Site "Czech Republic"]
[Date "2002.??.??"]
[Round "5"]
[White "Hasek, Vaclav"]
[Black "Erban, Tomas"]
[Result "0-1"]
[WhiteElo "2096"]
[BlackElo "2148"]
[PlyCount "62"]
[EventDate "2002.10.??"]
[EventType "team"]
[EventRounds "11"]
[EventCountry "CZE"]
[SourceTitle "EXT 2007"]
[Source "ChessBase"]
[SourceDate "2006.11.23"]
[SourceVersion "1"]
[SourceVersionDate "2006.11.23"]
[SourceQuality "1"]

1. Nf3 c5 2. c4 g6 3. g3 Bg7 4. Bg2 Nc6 5. 0-0 d6 6. Nc3 e5 7. d3 Nge7 8. Rb1 0-0 9. a3 f5 10. e4 Nd4 11. Bg5 h6 12. Bxe7 Qxe7 13. Nxd4 cxd4 14. Nd5 Qd8 15. f4 Be6 16. exf5 Bxf5 17. g4 Bd7 18. h3 exf4 19. Nxf4 Qg5 20. Nd5 Be5 21. Qe2 h5 22. gxh5 Qg3 23. Ne7+ Kg7 24. Rf3 Qh2+ 25. Kf1 gxh5 26. Ke1 Rae8 27. Rxf8 Rxf8 28. Nd5 Qg3+ 29. Kd1 Rf2 30. Qxh5 Qxd3+ 31. Ke1 Qd2# 0-1

[Event "CZE-chT2J 0203"]
[Site "Czech Republic"]
[Date "2002.??.??"]
[Round "4"]
[White "Hlavac, Rudolf"]
[Black "Erban, Tomas"]
[Result "1/2-1/2"]
[WhiteElo "2149"]
[BlackElo "2148"]
[PlyCount "81"]
[EventDate "2002.10.??"]
[EventType "team"]
[EventRounds "11"]
[EventCountry "CZE"]
[SourceTitle "EXT 2007"]
[Source "ChessBase"]
[SourceDate "2006.11.23"]
[SourceVersion "1"]
[SourceVersionDate "2006.11.23"]
[SourceQuality "1"]

1. e4 c5 2. Nf3 e6 3. d4 cxd4 4. Nxd4 a6 5. c4 Qc7 6. Bd3 Nc6 7. Nxc6 dxc6 8. 0-0 Nf6 9. f4 e5 10. Kh1 Bc5 11. f5 h5 12. Nd2 Ng4 13. Qe2 Qd8 14. Nf3 f6 15. Bc2 b5 16. h3 Qb6 17. Nh4 Ne3 18. Bxe3 Bxe3 19. Rad1 b4 20. Rd3 Bd4 21. Ba4 Bd7 22. Rg3 Rh7 23. Rd3 0-0-0 24. Ng6 Qc5 25. Rc1 Be8 26. Nh4 Bf7 27. Qc2 Rhh8 28. Nf3 Be3 29. Re1 Bf4 30. Bb3 Rxd3 31. Qxd3 Rd8 32. Qe2 Kc7 33. Rd1 Rxd1+ 34. Qxd1 Qe3 35. c5 Bxb3 36. Qd6+ Kb7 37. Qd7+ Kb8 38. Qd8+ Kb7 39. Qd7+ Kb8 40. Qd8+ Kb7 41. Qd7+ 1/2-1/2

[Event "CZE-chTJ 0001"]
[Site "Czech Republic"]
[Date "2001.??.??"]
[Round "7"]
[White "Cedikova, Katerina"]
[Black "Erban, Tomas"]
[Result "0-1"]
[WhiteElo "2120"]
[BlackElo "2025"]
[PlyCount "102"]
[EventDate "2000.??.??"]
[EventType "team"]
[EventRounds "11"]
[EventCountry "CZE"]
[SourceTitle "EXT 2003"]
[Source "ChessBase"]
[SourceDate "2002.11.25"]
[SourceVersion "1"]
[SourceVersionDate "2002.11.25"]
[SourceQuality "1"]

1. d4 Nf6 2. c4 c5 3. d5 e6 4. Nc3 exd5 5. cxd5 d6 6. Nf3 g6 7. Nd2 a6 8. a4 Nbd7 9. e4 Bg7 10. Be2 0-0 11. 0-0 Ne8 12. Qc2 Ne5 13. f4 Ng4 14. Nf3 f5 15. h3 fxe4 16. Nxe4 Ngf6 17. Nxf6+ Qxf6 18. Ra3 Rb8 19. Rb3 Bd7 20. Rb6 Nc7 21. Ng5 Na8 22. a5 Nxb6 23. axb6 Kh8 24. Kh1 Bf5 25. Qb3 Rbe8 26. Bf3 h6 27. Ne6 Bxe6 28. dxe6 Qxe6 29. Qxe6 Rxe6 30. Bxb7 d5 31. Bxd5 Rxb6 32. b3 Bd4 33. Bd2 Rd6 34. Bc4 Kg7 35. g3 Re8 36. Kg2 Kf6 37. Kf3 Re7 38. g4 Ra7 39. Ba5 Re7 40. Bd2 Ra7 41. Ba5 g5 42. Bd2 Kg6 43. Bd3+ Kg7 44. fxg5 hxg5 45. Bxg5 Bf6 46. Bxf6+ Rxf6+ 47. Kg2 Rxf1 48. Bxf1 a5 49. h4 Rb7 50. Bc4 Rb4 51. Be6 Kf6 0-1

[Event "CZE-chTJ 0001"]
[Site "Czech Republic"]
[Date "2001.??.??"]
[Round "7"]
[White "Erban, Tomas"]
[Black "Londyn, Radek"]
[Result "0-1"]
[WhiteElo "2025"]
[BlackElo "1770"]
[PlyCount "62"]
[EventDate "2000.??.??"]
[EventType "team"]
[EventRounds "11"]
[EventCountry "CZE"]
[SourceTitle "EXT 2003"]
[Source "ChessBase"]
[SourceDate "2002.11.25"]
[SourceVersion "1"]
[SourceVersionDate "2002.11.25"]
[SourceQuality "1"]

1. d4 Nf6 2. Nf3 g6 3. g3 Bg7 4. Bg2 0-0 5. 0-0 d6 6. Nc3 c5 7. dxc5 dxc5 8. e4 Nc6 9. Qe2 Bg4 10. Qc4 Nd7 11. Nh4 Nd4 12. f3 Be6 13. Qd3 Ne5 14. Qd2 Bf6 15. f4 Nc4 16. Qd1 Bxh4 17. gxh4 Qc8 18. b3 Nb6 19. f5 gxf5 20. Bh6 Rd8 21. Qh5 f6 22. exf5 Bxf5 23. Rf4 e5 24. Ne4 exf4 25. Nxf6+ Kh8 26. Qf7 Ne6 27. Nh5 Qd7 28. Qf6+ Kg8 29. Bd5 Qxd5 30. Qe7 Qd4+ 31. Kg2 Qe4+ 0-1

[Event "CZE-chTJ 0102"]
[Site "Czech Republic"]
[Date "2001.??.??"]
[Round "4"]
[White "Erban, Tomas"]
[Black "Sott, Pavel"]
[Result "1-0"]
[WhiteElo "2133"]
[BlackElo "2131"]
[PlyCount "85"]
[EventDate "2001.??.??"]
[EventType "team"]
[EventRounds "11"]
[EventCountry "CZE"]
[SourceTitle "EXT 2003"]
[Source "ChessBase"]
[SourceDate "2002.11.25"]
[SourceVersion "1"]
[SourceVersionDate "2002.11.25"]
[SourceQuality "1"]
[WhiteTeam "Pisek"]
[BlackTeam "Plzen Bolevec"]
[WhiteTeamCountry "CZE"]
[BlackTeamCountry "CZE"]

1. d4 Nf6 2. c4 c5 3. d5 e6 4. Nc3 exd5 5. cxd5 d6 6. e4 g6 7. f4 Bg7 8. Bb5+ Nfd7 9. a4 a6 10. Bd3 0-0 11. Nf3 Nf6 12. h3 Re8 13. 0-0 c4 14. Bc2 Nbd7 15. Nd2 Qc7 16. Qf3 Rb8 17. a5 b5 18. axb6 Nxb6 19. Kh1 Nfd7 20. Ndb1 Nc5 21. f5 f6 22. fxg6 hxg6 23. Qg3 g5 24. Nd2 Nd3 25. Bxd3 cxd3 26. Qxd3 Nd7 27. Nf3 Nc5 28. Qe3 Nb3 29. Ra3 Qc4 30. Re1 Nxc1 31. Qxc1 Qb4 32. Re2 g4 33. hxg4 Kf7 34. Qe3 Rh8+ 35. Kg1 Bxg4 36. Ra4 Qb7 37. e5 fxe5 38. Rxg4 Bh6 39. Nxe5+ Ke8 40. Qc5 dxe5 41. Rxe5+ Kd8 42. Qd6+ Kc8 43. Rc4+ 1-0